The philosophy of revelation / (Record no. 4343)

MARC details
000 -LEADER
fixed length control field 00880cam a2200277Ii 4500
001 - CONTROL NUMBER
control field 43879
003 - CONTROL NUMBER IDENTIFIER
control field GBCCL
005 - DATE AND TIME OF LATEST TRANSACTION
control field 20241126110516.0
008 - FIXED-LENGTH DATA ELEMENTS--GENERAL INFORMATION
fixed length control field 780720s1953 miu b 000 0 eng
010 ## -
-- 54006234
035 ## - SYSTEM CONTROL NUMBER
System control number (OCoLC)04071013
040 ## - CATALOGING SOURCE
Original cataloging agency DLC
Transcribing agency CWS
049 ## -
-- LBBK
082 ## - DEWEY DECIMAL CLASSIFICATION NUMBER
Classification number 210
Item number BAV
092 ## - LOCALLY ASSIGNED DEWEY CALL NUMBER (OCLC)
Classification number 210
Item number B354
100 1# - MAIN ENTRY--PERSONAL NAME
Personal name Bavinck, Herman,
Dates associated with a name 1854-1921.
9 (RLIN) 8179
245 14 - TITLE STATEMENT
Title The philosophy of revelation /
Statement of responsibility, etc. by Herman Bavinck.
260 ## - PUBLICATION, DISTRIBUTION, ETC.
Place of publication, distribution, etc. Grand Rapids :
Name of publisher, distributor, etc. Eerdmans,
Date of publication, distribution, etc. 1953.
300 ## - PHYSICAL DESCRIPTION
Extent x, 349 p. ;
Dimensions 23 cm.
490 1# - SERIES STATEMENT
Series statement The Stone lectures for 1908-1909, Princeton Theological Seminary
504 ## - BIBLIOGRAPHY, ETC. NOTE
Bibliography, etc. note Bibliographical references included in "Notes" (p. 317-349)
650 #0 - SUBJECT ADDED ENTRY--TOPICAL TERM
Topical term or geographic name entry element Revelation.
9 (RLIN) 1795
810 2# -
-- Princeton Theological Seminary.
-- Stone lectures ;
-- 1908-9.
-- 8180
830 #0 -
-- Christ and culture collection.
-- 8181
942 ## - ADDED ENTRY ELEMENTS (KOHA)
Source of classification or shelving scheme Dewey Decimal Classification
Koha item type Books
Holdings
Withdrawn status Lost status Source of classification or shelving scheme Damaged status Not for loan Home library Current Library Shelving location Date acquired Total checkouts Full call number Barcode Date last seen Copy number Price effective from Koha item type
    Dewey Decimal Classification     GRACE BIBLE COLLEGE GRACE BIBLE COLLEGE Philosophy and Religion 2018-01-18   210 BAV 000326 2025-05-01 c.1 2018-01-18 Books
© Grace Bible College Library 2025